000 00722cab a2200217 4500
001 X3757
008 090401t1996 xxu||||| |||| 00| 0 eng d
035 _a(Sirsi) u32572
041 _aeng
245 _aDrop in mineral permisions
260 _c1996
350 _a0
490 _aCSM (Chartered Surveyor Monthly)
_v5(11) September 1996, 9(1)
520 _aA DoE survey of land for mineral workings indicates that the total area with planning permission for mineral extraction and spoil disposal has decreased by 5% since the last survey in 1988.
650 _aMINERAL EXTRACTION
650 _aMINERAL WORKINGS
650 _aSPOIL DISPOSAL
690 _aMINING AND MINERALS
942 _n0
948 _c04/03/1997
999 _c21798
_d21798